Statistiche per Versi celebri della letteratura italiana - parte 5

Clicka qui per fare il quiz!

Statistiche generali

  • Questo quiz è stato fatto 127 volte
  • Il punteggio medio è 5 su 10

Statistiche sulle risposte

VersoAutore% Corretto
Quel ramo del lago di Como, che volge a mezzogiorno, tra due catene non interrotte di monti, tutto a seni e a golfi, a seconda dello sporgere e del rientrare di quelli, vien, quasi a un tratto, a ristringersi, e a prender corso e figura di fiume, tra un promontorio a destra, e un'ampia costiera dall'altra parte.Alessandro Manzoni
96%
La donzelletta vien dalla campagna,
In sul calar del sole,
Col suo fascio dell’erba; e reca in mano
Un mazzolin di rose e di viole,
Onde, siccome suole,
Ornare ella si appresta
Dimani, al dì di festa, il petto e il crine.
Giacomo Leopardi
92%
Ritornava una rondine al tetto:
l'uccisero: cadde tra spini:
ella aveva nel becco un insetto:
la cena de' suoi rondinini.
Giovanni Pascoli
83%
Un’intera nottata
buttato vicino
a un compagno
massacrato
con la sua bocca
digrignata
volta al plenilunio
con la congestione
delle sue mani
penetrata
nel mio silenzio
ho scritto
lettere piene d’amore
Giuseppe Ungaretti
83%
Ahi serva Italia, di dolore ostello,
nave sanza nocchiere in gran tempesta,
non donna di province, ma bordello!
Dante Alighieri
65%
Vedi, in questi silenzi in cui le cose
s’abbandonano e sembrano vicine
a tradire il loro ultimo segreto,
talora ci si aspetta
di scoprire uno sbaglio di Natura.
Eugenio Montale
31%
Ti amo. Non ho nessun pensiero che non sia tuo;
non ho nel sangue nessun desiderio che non sia per te.
Lo sai. Non vedo nella mia vita altro compagno, non vedo altra gioia
Rimani.
Gabriele d'Annunzio
25%
Il mio nome è Margutte;
ed ebbi voglia anco io d’esser gigante,
poi mi penti’ quando al mezzo fu’ giunto:
vedi che sette braccia sono appunto.
Luigi Pulci
24%
Non sempre le nuvole offuscano il cielo: a volte lo illuminano.Elsa Morante
11%
Vivo al peccato, a me morendo vivo;
vita già mia non son, ma del peccato
Michelangelo Buonarroti
11%

Distribuzione punteggi

Percentile per numero di risposta

Percentuale di utenti per punteggio

I tuoi punteggi nel tempo

Non hai fatto questo quiz